000 00218 a2200097 4500
001 4551
100 _aObert,E.F
245 _aElements of thermodnamics heat transfer
260 _a
_bMcgrawhill
_c
090 _c3748
_d3748
942 _aNUST-CAE
_cM
_c29987
999 _c239624
_d239624